00943nam a22002537a 4500008004100000010001400041020002600055035001300081037001500094040001800109082001300127100001700140245007700157250001200234260004400246270010400290300002900394500002000423650003900443700001800482942002700500999001700527952014500544081120t xxu||||| |||| 00| 0 eng d aENG-91704 a9788175346802c195.00 aEN-75237 bDBAD / PUB adplbEnglish  a344.5401 aKumar, H.L.  aLabour Laws:cby H.L. Kumar [and] Gaurav Kumar beverybody should know / a5th ed. aDelhi bUniversal Law Publishing c2008 aC-FF-1A, Dilkhush Industrial Estate, (Opp, Hans Cinema, Azadpur) GT. Karnal Road,, bDelhi e110033 axxi, 304p. c25cm (pbk)  aIncludes index  aLabour laws and legislationzIndia aGaurav Kumar  2ddccENmKUMh344.5401 c18843d18843 00102ddc40718NFICaDBADbDBADd2008-11-20eDBAD / PUBg195.00l0o344.5401 KUMpEN-75237r2008-11-20 00:00:00t1v195.00w2008-11-20yEN